| 000 | 00685nam a2200205Ia 4500 | ||
|---|---|---|---|
| 001 | L485-25668 | ||
| 003 | IT-CnALBA | ||
| 008 | 170116s9999||||xx |||||||||||||| ||und|| | ||
| 040 |
_aIT-CnALBA _cIT-CnALBA |
||
| 041 | _aGRECO | ||
| 100 | _aBIGNAMI ERNESTO, PROF. | ||
| 245 | 0 | _aGRAMMATICA DELLA LINGUA GRECA. FONETICA E MORFOLOGIA. INDICE ANALITICO GRECO E ITALIANO. | |
| 250 | _a6a ed. | ||
| 260 |
_aMILANO _bBIGNAMI EDIZIONI _c1960 [1° Ed.: n.d.] |
||
| 300 | _a354 p. | ||
| 501 | _aSocietà San Paolo EM - Piazza San Paolo, 14 - 12051 ALBA (CN) (non commercial uses only) ® Copyright 2017 | ||
| 650 | _aGRAMMATICA GRECA - ESERCIZI | ||
| 942 | _cBK | ||
| 957 | _71 | ||
| 999 |
_a30455 _bNO _g Copie: 1 _c284781 _d284781 |
||